Random Provinces of South Africa - Statistics

General Stats
  • This quiz has been taken 15 times
  • The average score is 4 of 5
Answers on the Map
Answers color-coded by a green-red scale on the quiz's map according to % correct below.
 
Answer Stats
Provinces % Correct
Eastern Cape
100%
Gauteng
100%
KwaZulu-Natal
100%
Limpopo
100%
Northern Cape
100%
Western Cape
100%
Free State
67%
Mpumalanga
50%
North West
50%
No matching quizzes found
Score Distribution
Percent of People with Each Score
Percentile by Number Answered
Your Score History
You have not taken this quiz